India's Family in Transition/ (Record no. 204799)

MARC details
000 -LEADER
fixed length control field 00647nam a22002177a 4500
005 - DATE AND TIME OF LATEST TRANSACTION
control field 20240816160532.0
008 - FIXED-LENGTH DATA ELEMENTS--GENERAL INFORMATION
fixed length control field 970904m19271929ii a 001 0aeng
010 ## - LCCN (DPL NO)
LC control number ENG-141175
020 ## - INTERNATIONAL STANDARD BOOK NUMBER
International Standard Book Number 9789390951482
Terms of availability 175.00
035 ## - SYSTEM CONTROL NUMBER
System control number EN-124707
037 ## - SOURCE OF ACQUISITION
Source of stock number/acquisition DBAD
040 ## - CATALOGING SOURCE
Original cataloging agency DPL
082 ## - DEWEY DECIMAL CLASSIFICATION NUMBER
Classification number 306.850954
100 ## - MAIN ENTRY--PERSONAL NAME
Personal name J.P. Singh
9 (RLIN) 69286
245 ## - TITLE STATEMENT
Title India's Family in Transition/
Statement of responsibility, etc By J.P. Singh
260 ## - PUBLICATION, DISTRIBUTION, ETC. (IMPRINT)
Place of publication, distribution, etc Noida
Name of publisher, distributor, etc Allied Publisher Pvt Ltd.
Date of publication, distribution, etc 2023
270 ## - ADDRESS
Address D-5, Sector-2, Noida - 201 301
City UttarPardesh
Postal code 201301
300 ## - PHYSICAL DESCRIPTION
Extent 262p.
Dimensions 22cm.(Pb)
650 ## - SUBJECT ADDED ENTRY--TOPICAL TERM
Topical term or geographic name as entry element Leadership
9 (RLIN) 69287
942 ## - ADDED ENTRY ELEMENTS (KOHA)
Source of classification or shelving scheme Dewey Decimal Classification
Item type English Books
Call number suffix JPS
Classification part 306.850954
Holdings
Withdrawn status Lost status Source of classification or shelving scheme Damaged status Not for loan Collection code Home library Current library Date acquired Source of acquisition Cost, normal purchase price Total Checkouts Full call number Barcode Date last seen Copy number Cost, replacement price Koha item type
    Dewey Decimal Classification     Non-fiction Patel Nagar Patel Nagar 05/08/2024 DBAD 550.00   JPS 306.850954 EN-124707 05/08/2024 1 550.00 English Books

© Delhi Public Library
Hit Counter
free hit counter